000 00246nam a22001217a 4500
082 _a894.812
_bYAR/E
100 _aVARGHESE, P G
245 _aITHA ANUGRAHAM
260 _aNEW DELHI
_bFAITH
300 _a96
650 _aSTORY
_zKERALA
942 _cBK
999 _c1646
_d1646